Transistor circuit design (Record no. 23504)

000 -LEADER
fixed length control field 00584nam a22002171 4500
001 - CONTROL NUMBER
control field 23504
003 - CONTROL NUMBER IDENTIFIER
control field BD-DhUET
008 - FIXED-LENGTH DATA ELEMENTS--GENERAL INFORMATION
fixed length control field 721219s1963 nyua b 000 0 eng
040 ## - CATALOGING SOURCE
Original cataloging agency DLC
Transcribing agency DLC
Modifying agency BD-DhUET
082 ## - DEWEY DECIMAL CLASSIFICATION NUMBER
Classification number 623.8151
Item number TEX/1963
110 ## - MAIN ENTRY--CORPORATE NAME
Corporate name or jurisdiction name as entry element Texas Instruments Incorporated
245 10 - TITLE STATEMENT
Title Transistor circuit design
250 ## - EDITION STATEMENT
Edition statement 1st ed.
260 ## - PUBLICATION, DISTRIBUTION, ETC. (IMPRINT)
Place of publication, distribution, etc. New York
Name of publisher, distributor, etc. McGraw-Hill
Date of publication, distribution, etc. 1963
300 ## - PHYSICAL DESCRIPTION
Extent xi, 523 p.
Other physical details ill.
Dimensions 26 cm.
504 ## - BIBLIOGRAPHY, ETC. NOTE
Bibliography, etc Includes bibliographies
650 #0 - SUBJECT ADDED ENTRY--TOPICAL TERM
Topical term or geographic name as entry element Transistor : Electronics
700 ## - ADDED ENTRY--PERSONAL NAME
Personal name Walston, Joseph A.
700 ## - ADDED ENTRY--PERSONAL NAME
Personal name Miller, John R.
942 ## - ADDED ENTRY ELEMENTS (KOHA)
Koha item type Corporate Publication
Holdings
Lost status Not for loan Piece designation (barcode) Shelving location Price effective from Withdrawn status Date acquired Location (home branch) Koha normalized classification for sorting Source of classification or shelving scheme Sublocation or collection (holding branch) Damaged status Copy number Koha date last seen Koha item type Koha full call number
  30610Circulation section2015-05-04 2015-05-04Central Library, BUET623_815100000000000_TEX_1963 Central Library, BUET 12015-05-04Corporate Publication623.8151/TEX/1963
  30607Circulation section2015-05-04 2015-05-04Central Library, BUET623_815100000000000_TEX_1963 Central Library, BUET 22015-05-04Corporate Publication623.8151/TEX/1963
  30612Circulation section2015-05-04 2015-05-04Central Library, BUET623_815100000000000_TEX_1963 Central Library, BUET 32015-05-04Corporate Publication623.8151/TEX/1963
  30613Circulation section2015-05-04 2015-05-04Central Library, BUET623_815100000000000_TEX_1963 Central Library, BUET 42015-05-04Corporate Publication623.8151/TEX/1963
  26687Circulation section2015-05-04 2015-05-04Central Library, BUET623_815100000000000_TEX_1963 Central Library, BUET 52015-05-04Corporate Publication623.8151/TEX/1963
  30608Circulation section2015-05-07 2015-05-07Central Library, BUET623_815100000000000_TEX_1963 Central Library, BUET 62015-05-07Corporate Publication623.8151/TEX/1963
  30606Circulation section2015-05-07 2015-05-07Central Library, BUET623_815100000000000_TEX_1963 Central Library, BUET 72015-05-07Corporate Publication623.8151/TEX/1963
  30609Circulation section2015-05-07 2015-05-07Central Library, BUET623_815100000000000_TEX_1963 Central Library, BUET 82015-05-07Corporate Publication623.8151/TEX/1963
  30604Reading section2015-06-25 2015-06-25Central Library, BUET623_815100000000000_TEX_1963 Central Library, BUET 92015-06-25Corporate Publication623.8151/TEX/1963
  9968Reading section2015-06-25 2015-06-25Central Library, BUET623_815100000000000_TEX_1963 Central Library, BUET 102015-06-25Corporate Publication623.8151/TEX/1963
  30605Reading section2015-06-25 2015-06-25Central Library, BUET623_815100000000000_TEX_1963 Central Library, BUET 112015-06-25Corporate Publication623.8151/TEX/1963